Szczegóły MARC21

Zaburzenia uprawiania hazardu i inne tak zwane nałogi behawioralne /

003 -Nazwa inst., której nr kontr. jest w polu 001 [,]
    • @
    • Nazwa instytucji, której n kontrolny jest w polu 001
    • NUKAT
005 -DATA I CZAS OSTATNIEJ MODYFIKACJI [,]
    • @
    • pole kontrolne
    • 20241231111253.0
020 -Międzynarod. znormalizowany nr książki - ISBN [ , ]
    • a
    • Numer ISBN
    • 9788361705291 Find
040 -Instytucja sporządzająca opis [ , ]
    • a
    • Instytucja, która sporządziła opis (NP)
    • LUBL KUL/EF
    • c
    • Instytucja, która sporządziła rekord (NP)
    • LUBL KUL/EFs
    • d
    • Instytucja, która zmodyfikowała rekord (P)
    • LUBL KUL/ALT
    • d
    • Instytucja, która zmodyfikowała rekord (P)
    • GD 27/BRs
942 -Rodzaj dokumentu [ , ]
    • c
    • Rodzaj dokumentu
    • Książka
100 -Hasło główne - nazwa osobowa [1, ]
    • a
    • Nazwa osobowa (NP)
    • Gola, Mateusz
    • c
    • Dopowiedzenie inne niż daty biograficzne (P)
    • (psycholog).
    • 9
    • KHW
    • 404517
245 -Strefa tytułu i oznaczenia odpowiedzialności [1,0]
    • a
    • Tytuł
    • Zaburzenia uprawiania hazardu i inne tak zwane nałogi behawioralne / Find
    • c
    • Pozostałe elementy strefy tytułu i oznaczenia odpowiedzialności (NP)
    • redakcja naukowa: Bogusław Habrat ; autorzy: Mateusz Gola, Bogusław Habrat, Paweł Izdebski, Irena Jelonkiewicz, Martyna Kotyśko, Michał Lew-Starowicz, Nina Ogińska-Bulik, Krzysztof Ostaszewski, Agnieszka Pisarska, Andrzej Silczuk, Tomasz Szafrański.
260 -Strefa adresu wydawniczego [ , ]
    • a
    • Miejsce wydania (P)
    • Warszawa :
    • b
    • Nazwa wydawcy (P)
    • Instytut Psychiatrii i Neurologii,
    • c
    • Data wydania (P)
    • 2016.
300 -Strefa opisu fizycznego [ , ]
    • a
    • Określenie formy książki i/lub objętość (NP)
    • 477, [1] s. :
    • b
    • Oznaczenie ilustracji (NP)
    • il. ;
    • c
    • Format (NP)
    • 25 cm.
336 -Typ zawartości [ , ]
    • a
    • Termin opisujący typ zawartości
    • Tekst
    • b
    • Kod określający zawartość
    • txt
    • 2
    • Źródło (terminu i kodu)
    • rdacontent
337 -Typ mediów [ , ]
    • a
    • Tryb odtwarzania
    • Bez urządzenia pośredniczącego
    • b
    • Kod typu mediów
    • n
    • 2
    • Źródło (terminu i kodu)
    • rdamedia
338 -Typ/rodzaj nośnika [ , ]
    • a
    • Hasło opisujące typ nośnika
    • Wolumin
    • b
    • Kod typu nośnika
    • nc
    • 2
    • Źródło (terminu i kodu)
    • rdacarrier
504 -Uwaga dot. bibliogr. załącznikowej [ , ]
    • a
    • Uwaga dot. bibliografii załącznikowej
    • Bibliogr. przy art.
650 -Hasło przedmiotowe [ ,7]
    • a
    • Hasło przedmiotowe
    • Uzależnienie (psychologia).
    • 2
    • Źródło terminu
    • kaba
    • 9
    • KHW
    • 134834
650 -Hasło przedmiotowe [ ,7]
    • a
    • Hasło przedmiotowe
    • Uzależnienie (fizjologia).
    • 2
    • Źródło terminu
    • kaba
    • 9
    • KHW
    • 134833
650 -Hasło przedmiotowe [ ,7]
    • a
    • Hasło przedmiotowe
    • Hazard patologiczny.
    • 2
    • Źródło terminu
    • kaba
    • 9
    • KHW
    • 164539
650 -Hasło przedmiotowe [ ,7]
    • a
    • Hasło przedmiotowe
    • Pracoholicy
    • x
    • Określnik rzeczowy
    • psychologia.
    • 2
    • Źródło terminu
    • kaba
    • 9
    • KHW
    • 373221
650 -Hasło przedmiotowe [ ,7]
    • a
    • Hasło przedmiotowe
    • Erotomania.
    • 2
    • Źródło terminu
    • kaba
    • 9
    • KHW
    • 107835
650 -Hasło przedmiotowe [ ,7]
    • a
    • Hasło przedmiotowe
    • Zakupoholizm.
    • 2
    • Źródło terminu
    • kaba
    • 9
    • KHW
    • 182643
650 -Hasło przedmiotowe [ ,7]
    • a
    • Hasło przedmiotowe
    • Uzależnienie od Internetu.
    • 2
    • Źródło terminu
    • kaba
    • 9
    • KHW
    • 173520
700 -Hasło dodatkowe - nazwa osobowa [1, ]
    • a
    • Nazwa osobowa (NP)
    • Habrat, Bogusław. Find
    • e
    • Określenie rodzaju współpracy
    • Red.
    • 9
    • KHW
    • 57504
700 -Hasło dodatkowe - nazwa osobowa [1, ]
    • a
    • Nazwa osobowa (NP)
    • Izdebski, Paweł Find
    • d
    • Daty biograficzne (NP)
    • (1958-2021).
    • 9
    • KHW
    • 16386
700 -Hasło dodatkowe - nazwa osobowa [1, ]
    • a
    • Nazwa osobowa (NP)
    • Jelonkiewicz, Irena. Find
    • 9
    • KHW
    • 404516
700 -Hasło dodatkowe - nazwa osobowa [1, ]
    • a
    • Nazwa osobowa (NP)
    • Lew-Starowicz, Michał. Find
    • 9
    • KHW
    • 73122
700 -Hasło dodatkowe - nazwa osobowa [1, ]
    • a
    • Nazwa osobowa (NP)
    • Ogińska-Bulik, Nina. Find
    • 9
    • KHW
    • 18787
700 -Hasło dodatkowe - nazwa osobowa [1, ]
    • a
    • Nazwa osobowa (NP)
    • Ostaszewski, Krzysztof Find
    • c
    • Dopowiedzenie inne niż daty biograficzne (NP)
    • (pedagogika).
    • 9
    • KHW
    • 404513
700 -Hasło dodatkowe - nazwa osobowa [1, ]
    • a
    • Nazwa osobowa (NP)
    • Pisarska, Agnieszka. Find
    • 9
    • KHW
    • 404514
700 -Hasło dodatkowe - nazwa osobowa [1, ]
    • a
    • Nazwa osobowa (NP)
    • Szafrański, Tomasz Krzysztof Find
    • d
    • Daty biograficzne (NP)
    • (1967- ).
    • 9
    • KHW
    • 404515
700 -Hasło dodatkowe - nazwa osobowa [1, ]
    • a
    • Nazwa osobowa (NP)
    • Kotyśko, Martyna. Find
    • 9
    • KHW
    • 404518
700 -Hasło dodatkowe - nazwa osobowa [1, ]
    • a
    • Nazwa osobowa (NP)
    • Silczuk, Andrzej. Find
    • 9
    • KHW
    • 404519
710 -Hasło dodatkowe - nazwa ciała zbiorowego [2, ]
    • a
    • Nazwa ciała zbiorowego lub nazwa geograficzna jako pierwszy element (NP)
    • Instytut Psychiatrii i Neurologii.
    • 4
    • Kod relacji
    • pbl
    • 9
    • KHW
    • 70386
920 -ISBN [ , ]
    • a
    • ISBN
    • 978-83-61705-29-1 Find
Status udost. Numer inwentarzowy Lokalizacja Data inwentaryzacji
1H.29458BNS2017-03-01